Ships Of The Royal Canadian Navy - Statistics

General Stats
  • This quiz has been taken 36 times
  • The average score is 17 of 38
Answer Stats
Hint Answer % Correct
Destroyer H Class
100%
Destroyer A Class
94%
Destroyer C Class
94%
Destroyer E Class
94%
Destroyer D Class
88%
Destroyer F Class
88%
Destroyer G Class
88%
Frigate Halifax Class
88%
Destroyer S Class
88%
Destroyer M Class
76%
Destroyer V Class
76%
Aircraft Carrier Majestic Class
53%
Light Cruiser Fiji Class
47%
Corvette Flower Class
47%
Aircraft Carrier Colossus Class
41%
Patrol Ship Kingston Class
41%
Frigate River Class
41%
Destroyer Tribal Class
41%
Patrol Ship Harry DeWolf Class
35%
Destroyer Cr Class
29%
Protected Cruiser Diadem Class
29%
Destroyer Iroquois Class
29%
Minesweeper Lake Class
29%
Light Cruiser Minotaur Class
29%
Destroyer Escort St Laurent Class
29%
Destroyer Town Class
29%
Protected Cruiser Apollo Class
24%
Destroyer Escort Annapolis Class
18%
Minesweeper Bay Class
18%
Destroyer Escort Mackenzie Class
18%
Destroyer Escort Restigouche Class
18%
Minesweeper Algerine Class
12%
Light Cruiser Arethusa Class
12%
Minesweeper Bangor Class
12%
Patrol Ship Bird Class
12%
Corvette Castle Class
12%
Frigate Loch Class
12%
Minesweeper Llewellyn Class
6%
No matching quizzes found
Score Distribution
Percent of People with Each Score
Percentile by Number Answered
Your Score History
You have not taken this quiz